Statistics for AS Roma vs FC Barcelona 3-0 Starting XI + Substitues

Click here to take the quiz!

General Stats

  • This quiz has been taken 42 times
  • The average score is 19 of 29

Answer Stats

PositionFotmob RatingPlayer% Correct
RS7.1Lionel Messi
97%
RCB5.7Gerard Piqué
95%
LS5.6Luis Suárez
95%
GK4.8Marc-Andre ter Stegen
95%
CB, 1 goal7.8Kostas Manolas
92%
LB5.9Jordi Alba
87%
LCM <---856.4Sergio Busquets
87%
LM <--- 81'6.3Andrés Iniesta
82%
CDM, 1 goal, 1 assist8.6Daniele De Rossi
82%
RS, 1 goal8.6Edin Dzeko
82%
RCM6.5Ivan Rakitic
77%
LCB5.6Samuel Umtiti
77%
RM5.8Sergi Roberto
72%
RCM <--- 77'7.0Radja Nainggolan
69%
Sub (RCM) ---> 77'6.2Stephan El Shaarawy
67%
RM7.4Alessandro Florenzi
62%
GK8.3Alisson Becker
59%
LCB7.4Federico Fazio
59%
LCM6.9Kevin Strootman
59%
RB <--- 85'5.8Nélson Semedo
59%
ManagerEusebio Di Francesco
56%
Sub (LS) ---> '73, 1 assist7.0Cengiz Ünder
54%
LM7.4Aleksandar Kolarov
51%
LS <--- 73'6.2Patrik Schick
51%
ManagerErnesto Valverde
49%
Sub (LCM) ---> 85'Ousmane Dembélé
49%
RCB7.1Juan Jesus
46%
Sub (LM) ---> 81'André Gomes
21%
Sub (RB) ---> 85'Paco Alcácer
8%

Score Distribution

Percentile by Number Answered

Percent of People with Each Score

Your Score History

You have not taken this quiz